Normal view
MARC view
- ROKACH, ABRAHAM.J
Entry Personal Name
001 - CONTROL NUMBER
- control field: 43068
003 - CONTROL NUMBER IDENTIFIER
- control field: NUST
005 - DATE AND TIME OF LATEST TRANSACTION
- control field: 20210314132521.0
008 - FIXED-LENGTH DATA ELEMENTS
- fixed length control field: 210314|| aca||aabn | a|a d
040 ## - CATALOGING SOURCE
- Original cataloging agency: NUST
- Transcribing agency: NUST
100 ## - HEADING--PERSONAL NAME
- Personal name: ROKACH, ABRAHAM.J
670 ## - SOURCE DATA FOUND
- Source citation: Work cat.: (NUST): ROKACH, ABRAHAM.J, SCHAUM'S OUTLINE SERIES THEORY AND PROBLEMS OF STRUCTURAL STEEL DESIGN, 1991
